| 000 | 00444 a2200121 4500 | ||
|---|---|---|---|
| 001 | ART_48595 | ||
| 005 | 20260410162018.0 | ||
| 008 | 260409a | ||
| 245 | 1 | 0 | _aEl plan de vacunación obligatoria de los hijos prevalece ante la negativa de los progenitores |
| 100 | 1 | _aOlmo, Juan P. | |
| 700 | 1 | _aScasserra, Selene I. | |
| 773 | 0 |
_tTemas de derecho de familia, sucesiones y bioética _g- Año 4, N° 3 (mar. 2019) _wREV41029 |
|
| 999 |
_c32890 _d32890 |
||